000 01143cam a22003137a 4500
003 CHAP
005 20220817043946.0
008 040913d200? us b r 00110 eng d
010 _a88816
011 _a89788
035 _a100339
040 _cCHAP
090 _aFolleto 16769
110 2 _aCentro Internacional de Mejoramiento de Maíz y Trigo
245 1 0 _aSeeds of innovation :
_bCIMMYT's strategy for helping to reduce poverty and hunger by 2020
_c/by Centro Internacional de Mejoramiento de Maíz y Trigo
260 _aMéxico, D.F. :
_bCentro Internacional de Mejoramiento de Maíz y Trigo
_c200-?
300 _a15 p. :
_bilus.
590 _aBATCH-UPD
_b10
_c20130110
_lUCH01
_h1449
590 _aBATCH-UPD
_b10
_c20130410
_lUCH01
_h0917
590 _aBATCH-UPD
_b10
_c20130914
_lUCH01
_h1756
590 _aCONVERSION
_b10
_c20130109
_lUCH01
_h1349
650 1 4 _aAgricultura
_xInnovaciones tecnológicas.
_91565
650 1 4 _aMaíz
_xInvestigación.
_970984
650 1 4 _aMaíz
_xSemilla.
_971059
901 _aBK
905 _aAlejandra Carrasco M.
942 _cFOLL
949 _aFolleto 16769
_bBC
_cFOLL
_d33724002003330
_eTS1
_i100339
_sb
999 _c88816
_d88816